000 00330nam a22001457a 4500
008 230208b ||||| |||| 00| 0 eng d
020 _a9780134494074
041 _aeng
080 _2ELEVENTH EDITION
_a51
082 _a51McG
100 _a20
101 _aMATEM
245 _aINTERMEDIATE ALGEBRA
_cMcGINNIS
942 _2udc
_cBK
999 _c59341
_d59341